[Event "Mittelfränkischer Schachkongress 2016"]
[Site "Nürnberg"]
[Date "2016.03.25"]
[Round "6.8"]
[White "Babichev, Vyacheslav"]
[Black "Chowdhury, Sandip"]
[Result "1-0"]
[WhiteElo "1818"]
[BlackElo "1593"]
[PlyCount "119"]
[EventDate "2016.??.??"]
[WhiteTeam "SW Nürnberg Süd"]
[BlackTeam "SC Noris-Tarrasch Nürnberg"]

1. e4 c5 2. Nf3 g6 3. d4 cxd4 4. Nxd4 Bg7 5. Be3 Nc6 6. c3 Nf6 7. Nxc6 bxc6 8.
Bd3 O-O 9. O-O d5 10. e5 Ng4 11. Bd4 Nxe5 12. Be2 Qc7 13. Nd2 c5 14. Be3 Rb8
15. f4 Nd7 16. Qc2 Nf6 17. Nb3 Bf5 18. Qc1 Ne4 19. Rd1 Rfd8 20. Bf3 c4 21. Nd4
Bd7 22. Bxe4 dxe4 23. Qc2 f5 24. Qf2 e5 25. fxe5 Bxe5 26. g3 Rf8 27. Rf1 Kg7
28. Qd2 Kg8 29. Rf2 a5 30. Rb1 Rb7 31. Rbf1 a4 32. a3 Rfb8 33. Qc1 Rf8 34. Nc2
Rd8 35. Nb4 Bb5 36. Bg5 Rd7 37. Rd1 Rxd1+ 38. Qxd1 Qf7 39. Rd2 Rd7 40. Nd5 Bc6
41. Nb4 Rxd2 42. Qxd2 Be8 43. Nd5 Qd7 44. Bf6 Qa7+ 45. Kf1 Bxf6 46. Nxf6+ Kf8
47. Qh6+ Qg7 48. Qxg7+ Kxg7 49. Nxe8+ Kh6 50. Nd6 Kg5 51. Nxc4 Kg4 52. Kg2 f4
53. h3+ Kf5 54. gxf4 Kxf4 55. Kf2 g5 56. Ne3 h5 57. c4 g4 58. hxg4 hxg4 59. c5
g3+ 60. Ke2 1-0

[Event "Mittelfränkischer Schachkongress 2016"]
[Site "Nürnberg"]
[Date "2016.03.25"]
[Round "6.9"]
[White "Dreiseitel, Werner"]
[Black "Grasser, Stefan"]
[Result "1-0"]
[WhiteElo "1583"]
[BlackElo "1767"]
[PlyCount "109"]
[EventDate "2016.??.??"]
[WhiteTeam "SGem Fürth"]
[BlackTeam "Zabo-Eintracht Nürnberg"]

1. d4 b5 2. Bf4 Bb7 3. e3 Nf6 4. Nf3 a6 5. Bd3 e6 6. O-O Be7 7. Nbd2 d5 8. c3
Nbd7 9. h3 Ne4 10. Qc2 f5 11. Ne5 O-O 12. a4 c6 13. Ndf3 Rc8 14. axb5 cxb5 15.
Qb3 Nxe5 16. Bxe5 Qe8 17. Qd1 g5 18. Nh2 Nf6 19. f3 Nd7 20. f4 Nxe5 21. fxe5
Rc6 22. Be2 Qc8 23. Qb3 Rb6 24. Rac1 Qd8 25. Rc2 Bc6 26. g4 Be8 27. gxf5 exf5
28. Bf3 Bf7 29. Rff2 h5 30. Nf1 g4 31. hxg4 fxg4 32. Bg2 Be6 33. Rxf8+ Bxf8 34.
Rf2 Be7 35. Qc2 Kg7 36. Ng3 Qe8 37. Nf5+ Bxf5 38. Rxf5 Qg6 39. Bxd5 h4 40. Qf2
Re6 41. Bxe6 Qxe6 42. Qf4 Qg6 43. Qe4 Bg5 44. e6 Bxe3+ 45. Kf1 h3 46. Rf7+ Kh6
47. Qxe3+ Kh5 48. Qe5+ Kh4 49. Qe1+ Kh5 50. Qe5+ Kh4 51. Qh8+ Kg3 52. Qe5+ Kh4
53. Rf5 Qh6 54. Qe1+ g3 55. Qe4+ 1-0

[Event "Mittelfränkischer Schachkongress 2016"]
[Site "Nürnberg"]
[Date "2016.03.25"]
[Round "6.10"]
[White "Müller, Ludwig"]
[Black "Meyer, Robert"]
[Result "1/2-1/2"]
[WhiteElo "1843"]
[BlackElo "1611"]
[PlyCount "156"]
[EventDate "2016.??.??"]
[WhiteTeam "SGem Nürnberg"]
[BlackTeam "SC Stein"]

1. Nf3 e6 2. c4 d5 3. e3 Nf6 4. Nc3 Be7 5. d4 O-O 6. Be2 c6 7. O-O Nbd7 8. a3
b6 9. b4 Bb7 10. cxd5 Nxd5 11. Bb2 N7f6 12. Bd3 Nxc3 13. Bxc3 Nd5 14. Bb2 a5
15. bxa5 Rxa5 16. Qc2 h6 17. Ne5 c5 18. Qb3 Qa8 19. Nc4 Ra6 20. g3 Rb8 21. Ne5
Ra5 22. Qc2 Rc8 23. dxc5 Raxc5 24. Bh7+ Kf8 25. Nd7+ Ke8 26. Nxc5 Rxc5 27. Qb1
Nf6 28. Bd3 Bh1 29. e4 Nxe4 30. Bxe4 Bxe4 31. Qd1 Bf3 32. Qd3 Be4 33. Qe3 f6
34. f3 Rb5 35. Qe2 Bc5+ 36. Kg2 Rxb2 37. Qxb2 Bd5 38. Qb5+ Bc6 39. Qc4 Bd5 40.
Qd3 Kf7 41. a4 Qa5 42. Rfb1 g6 43. Rb5 Qa6 44. Qf1 Bc6 45. Rxc5 Qxf1+ 46. Kxf1
bxc5 47. Kf2 Ke7 48. a5 Kd6 49. a6 Kc7 50. a7 Ba8 51. Ke3 g5 52. f4 f5 53. Rb1
Bb7 54. Ra1 Ba8 55. Ra6 Kb7 56. Rxe6 Kxa7 57. Rxh6 g4 58. h3 gxh3 59. Rxh3 Be4
60. Rh6 c4 61. Kd4 Bd3 62. Rc6 Kb7 63. Rxc4 Bxc4 64. Kxc4 Kc6 65. Kd4 Kd6 66.
Ke3 Ke6 67. Kf2 Kf6 68. Kf3 Kf7 69. g4 fxg4+ 70. Kxg4 Kg6 71. f5+ Kf6 72. Kf4
Kf7 73. Kg5 Kg7 74. f6+ Kf7 75. Kf5 Kf8 76. Kg6 Kg8 77. Kg5 Kf7 78. Kf5 Kf8
1/2-1/2

[Event "Mittelfränkischer Schachkongress 2016"]
[Site "Nürnberg"]
[Date "2016.03.25"]
[Round "6.11"]
[White "Münzenberg, Dietrich"]
[Black "Friedrich, Michael"]
[Result "0-1"]
[WhiteElo "1692"]
[BlackElo "1515"]
[PlyCount "65"]
[EventDate "2016.??.??"]
[WhiteTeam "Zabo-Eintracht Nürnberg"]
[BlackTeam "SC Erlangen"]

1. d4 g6 2. c4 Bg7 3. Nc3 c5 4. d5 d6 5. e4 Nd7 6. f4 a6 7. Nf3 Rb8 8. Bd3 Qc7
9. O-O b5 10. cxb5 c4 11. Bc2 axb5 12. Rb1 b4 13. Ne2 Qa7+ 14. Ned4 Qxa2 15.
Nc6 b3 16. Nxb8 bxc2 17. Qxc2 Qa7+ 18. Kh1 Qxb8 19. Qxc4 Ngf6 20. h3 O-O 21.
Nd4 Nxe4 22. Re1 Ndc5 23. Nc6 Qb7 24. Rxe4 Nxe4 25. Qxe4 Re8 26. g4 Bd7 27. b4
e6 28. b5 exd5 29. Qxd5 Qb6 30. Bb2 Bxb2 31. Rxb2 Re1+ 32. Kg2 Qg1+ 33. Kf3 0-1

[Event "Mittelfränkischer Schachkongress 2016"]
[Site "Nürnberg"]
[Date "2016.03.25"]
[Round "6.12"]
[White "Dreiseitel, Ursula"]
[Black "Homfeldt, Claudia Laura"]
[Result "1/2-1/2"]
[WhiteElo "1487"]
[BlackElo "1549"]
[PlyCount "113"]
[EventDate "2016.??.??"]
[WhiteTeam "SGem Fürth"]
[BlackTeam "SC Noris-Tarrasch Nürnberg"]

1. Nf3 c5 2. g3 Nc6 3. Bg2 Nf6 4. c4 e6 5. Nc3 d6 6. O-O Be7 7. b3 a6 8. d4 d5
9. cxd5 exd5 10. dxc5 Bxc5 11. Bb2 Be6 12. e3 Qd7 13. Qc2 Bh3 14. Rfd1 Bxg2 15.
Kxg2 O-O 16. Rd2 Nb4 17. Qd1 Rad8 18. a3 Nc6 19. b4 Ba7 20. Qb3 Qe6 21. Ng5 Qf5
22. Nf3 d4 23. exd4 Nxd4 24. Nxd4 Bxd4 25. Nd1 Bxb2 26. Qxb2 h6 27. Ne3 Qe4+
28. Kg1 Rxd2 29. Qxd2 Qe5 30. Rd1 Ne4 31. Qc2 Nc3 32. Rd7 Nb5 33. Qc1 Qe4 34.
Nd5 Re8 35. Ne3 Qe6 36. Rxb7 Rc8 37. Qb2 Re8 38. a4 Qc6 39. axb5 Qxb7 40. bxa6
Qxa6 41. Qd4 Qb7 42. Qg4 Qc6 43. h4 Qc1+ 44. Nf1 Re1 45. Qh3 Qc4 46. h5 Qxb4
47. Qc8+ Qf8 48. Qxf8+ Kxf8 49. Kg2 Re4 50. Ne3 Re5 51. g4 Ke7 52. Kg3 Ke6 53.
Ng2 f5 54. Nf4+ Kf6 55. Ng6 Rb5 56. f4 Ra5 57. Kh3 1/2-1/2

[Event "Mittelfränkischer Schachkongress 2016"]
[Site "Nürnberg"]
[Date "2016.03.25"]
[Round "6.13"]
[White "Hauck, Martin"]
[Black "Homfeldt, Maren"]
[Result "1/2-1/2"]
[WhiteElo "1087"]
[BlackElo "1306"]
[PlyCount "149"]
[EventDate "2016.??.??"]
[WhiteTeam "SC Noris-Tarrasch Nürnberg"]
[BlackTeam "SC Noris-Tarrasch Nürnberg"]

1. e4 b6 2. Nf3 Bb7 3. Nc3 a6 4. d4 d6 5. d5 h6 6. Be3 g6 7. Bd3 Bg7 8. O-O Qd7
9. Qd2 e5 10. a4 f5 11. Qe2 f4 12. Bd2 Bf6 13. Ne1 Bc8 14. f3 Bh4 15. Bc4 g5
16. Nd3 g4 17. fxg4 Qxg4 18. Qxg4 Bxg4 19. Be1 Bxe1 20. Raxe1 Ne7 21. Nf2 Rg8
22. Nxg4 Rxg4 23. Be2 Rg5 24. Rf3 Ng6 25. Rh3 f3 26. Bxf3 Nf4 27. Rxh6 Kf7 28.
Ne2 Kg7 29. Rh4 Ng6 30. Rg4 Rxg4 31. Bxg4 a5 32. Rf1 Na6 33. Rf3 Nc5 34. Bf5
Rf8 35. Rg3 Rf6 36. b3 Kf7 37. Rxg6 Rxg6 38. Bxg6+ Kxg6 39. g3 Nxe4 40. c4 Kh5
41. h3 Nd2 42. Nc1 Nf3+ 43. Kg2 e4 44. Kf2 Ng5 45. Ke3 Nxh3 46. Kxe4 Kg4 47.
Ne2 Ng5+ 48. Ke3 Nf3 49. Nc3 Kxg3 50. Nb5 Ne5 51. Nxc7 Kg4 52. Ne8 Nf7 53. Ke4
Kg5 54. Nxd6 Nxd6+ 55. Ke5 Nb7 56. d6 Nc5 57. Kd5 Kf6 58. Kc6 Ke6 59. Kxb6 Kxd6
60. Kxa5 Kc6 61. b4 Nb7+ 62. Ka6 Kc7 63. c5 Kb8 64. c6 Nd6 65. b5 Nc8 66. a5
Kc7 67. b6+ Kxc6 68. b7 Kc7 69. bxc8=Q+ Kxc8 70. Ka7 Kc7 71. a6 Kc8 72. Kb6 Kb8
73. Kc6 Ka7 74. Kb5 Ka8 75. Kb6 1/2-1/2

[Event "Mittelfränkischer Schachkongress 2016"]
[Site "Nürnberg"]
[Date "2016.03.25"]
[Round "6.14"]
[White "Nam, Siwon"]
[Black "Meyer, Martin"]
[Result "1-0"]
[WhiteElo "964"]
[BlackElo "799"]
[PlyCount "47"]
[EventDate "2016.??.??"]
[WhiteTeam "SC Noris-Tarrasch Nürnberg"]
[BlackTeam "SC Stein"]

1. e4 e5 2. Nf3 Nc6 3. Bc4 Nf6 4. d3 d6 5. Ng5 Be6 6. Bxe6 fxe6 7. Nxe6 Qe7 8.
Ng5 h6 9. Nf3 d5 10. exd5 Nxd5 11. Nc3 Nxc3 12. bxc3 e4 13. d4 exf3+ 14. Be3
fxg2 15. Rg1 Qe4 16. Rb1 Na5 17. Qh5+ g6 18. Qxa5 Qxc2 19. Rc1 Qe4 20. Qxc7 Qh4
21. Rb1 Qh3 22. Rxb7 Rc8 23. Qe5+ Be7 24. Qxe7# 1-0

[Event "Mittelfränkischer Schachkongress 2016"]
[Site "Nürnberg"]
[Date "2016.03.26"]
[Round "7.1"]
[White "Kotitschke, Karlheinz"]
[Black "Faralisz, Patrick"]
[Result "1/2-1/2"]
[WhiteElo "1802"]
[BlackElo "1675"]
[PlyCount "53"]
[EventDate "2016.??.??"]
[WhiteTeam "SK Rothenburg"]
[BlackTeam "SC Noris-Tarrasch Nürnberg"]

1. d4 d5 2. Bg5 c6 3. e3 h6 4. Bh4 Qb6 5. Qc1 e5 6. c3 e4 7. c4 Nd7 8. c5 Qc7
9. Bg3 Qd8 10. Be2 Ngf6 11. Nd2 Be7 12. Qc2 O-O 13. f3 Re8 14. Nh3 Nf8 15. Nf2
Bf5 16. f4 Ne6 17. Qc3 b6 18. b4 a5 19. a3 bxc5 20. bxc5 Nd7 21. O-O Bf6 22.
Qc2 Bh7 23. Ng4 Nxd4 24. Nxf6+ Qxf6 25. exd4 Qxd4+ 26. Kh1 e3 27. Nf3 1/2-1/2

[Event "Mittelfränkischer Schachkongress 2016"]
[Site "Nürnberg"]
[Date "2016.03.26"]
[Round "7.2"]
[White "Konsek, Peter"]
[Black "Petrashov, Alexander"]
[Result "1-0"]
[WhiteElo "2085"]
[BlackElo "1727"]
[PlyCount "63"]
[EventDate "2016.??.??"]
[WhiteTeam "SW Nürnberg Süd"]
[BlackTeam "SC Noris-Tarrasch Nürnberg"]

1. e4 e6 2. d4 d5 3. Nc3 Nf6 4. e5 Nfd7 5. f4 a6 6. Nf3 c5 7. Be3 Nc6 8. Qd2 b6
9. dxc5 bxc5 10. Bf2 Bb7 11. Bd3 g6 12. h4 h5 13. Ng5 Rg8 14. O-O-O Nb6 15. Nh7
Be7 16. Nf6+ Bxf6 17. exf6 Qd6 18. Be2 d4 19. b3 Qc7 20. Ne4 Nb4 21. Bf3 N6d5
22. Nxc5 Qxc5 23. Bxd4 Qa5 24. c4 Rc8 25. Kb1 Ba8 26. Bxd5 Bxd5 27. Rhe1 Bc6
28. Bc3 Qf5+ 29. Kb2 a5 30. a3 Rb8 31. axb4 axb4 32. Be5 1-0

[Event "Mittelfränkischer Schachkongress 2016"]
[Site "Nürnberg"]
[Date "2016.03.26"]
[Round "7.3"]
[White "Diller, Peter"]
[Black "Diebel, Günter"]
[Result "1-0"]
[WhiteElo "1999"]
[BlackElo "1819"]
[PlyCount "117"]
[EventDate "2016.??.??"]
[WhiteTeam "SK Rothenburg"]
[BlackTeam "SW Nürnberg Süd"]

1. e4 c5 2. f4 Nc6 3. Nf3 d6 4. c3 Bg4 5. Bd3 e5 6. Bc4 Bxf3 7. Qxf3 exf4 8. d3
Ne5 9. Bb5+ Ke7 10. Qxf4 a6 11. d4 cxd4 12. cxd4 Ng6 13. Qf3 axb5 14. O-O f6
15. Nc3 Ke8 16. Nxb5 Qb6 17. a4 N8e7 18. Be3 h5 19. e5 Nh4 20. Qe4 Nhf5 21.
exf6 Nxe3 22. Qxe3 gxf6 23. Rxf6 Rd8 24. Raf1 Rg8 25. Qe6 Qc6 26. Qf7+ Kd7 27.
Rxd6+ Qxd6 28. Nxd6 Kxd6 29. Rf6+ Kc7 30. Qxh5 Rd5 31. Qf3 Bg7 32. Rf7 Bxd4+
33. Kf1 Rd7 34. b4 Rgd8 35. b5 Bb6 36. g3 Kb8 37. h4 Rd1+ 38. Kg2 R8d3 39. Qe4
Re3 40. Qxe3 Bxe3 41. Rxe7 Bc5 42. Re4 b6 43. g4 Rd4 44. Kf3 Kc7 45. g5 Kd7 46.
h5 Rxe4 47. Kxe4 Ke6 48. h6 Bb4 49. Kd3 Kf7 50. h7 Kg7 51. g6 Be7 52. Kc4 Bf6
53. a5 bxa5 54. b6 Bd8 55. b7 Bc7 56. Kd5 a4 57. Ke6 a3 58. h8=Q+ Kxh8 59. Kf7
1-0

[Event "Mittelfränkischer Schachkongress 2016"]
[Site "Nürnberg"]
[Date "2016.03.26"]
[Round "7.4"]
[White "Birkmann, Günther"]
[Black "Wawor, Gerhard"]
[Result "1-0"]
[WhiteElo "2010"]
[BlackElo "1940"]
[PlyCount "97"]
[EventDate "2016.??.??"]
[WhiteTeam "SK Zirndorf"]
[BlackTeam "SK Nürnberg"]

1. Nf3 b5 2. a4 b4 3. c3 e6 4. g3 Nf6 5. Bg2 Bb7 6. O-O c5 7. cxb4 cxb4 8. d4
d5 9. Bg5 h6 10. Bxf6 gxf6 11. Nbd2 Nd7 12. Re1 f5 13. Ne5 Nxe5 14. dxe5 a5 15.
Nb3 Rc8 16. Qd4 Ba6 17. Rac1 Bc4 18. Nd2 Bc5 19. Qf4 Ba6 20. Nb3 Bb6 21. Rxc8
Bxc8 22. Nd4 Bd7 23. b3 Qg5 24. Qxg5 hxg5 25. e3 g4 26. Rc1 O-O 27. h3 gxh3 28.
Bxh3 f6 29. Nc6 Kf7 30. exf6 Kxf6 31. Bf1 e5 32. Bb5 Ke6 33. Kg2 Rg8 34. Rh1
Be8 35. Rh7 Bxc6 36. Rh6+ Ke7 37. Bxc6 Rd8 38. Bxd5 Rxd5 39. Rxb6 Kd7 40. Kf3
Kc7 41. Rf6 f4 42. gxf4 exf4 43. Ke4 Rd2 44. Rxf4 Rb2 45. Rf5 Rxb3 46. Rxa5 Ra3
47. Kd5 Ra2 48. f4 Rh2 49. Rb5 1-0

[Event "Mittelfränkischer Schachkongress 2016"]
[Site "Nürnberg"]
[Date "2016.03.26"]
[Round "7.5"]
[White "Rummel, Gerald"]
[Black "Weißmann, Peter"]
[Result "1-0"]
[WhiteElo "1740"]
[BlackElo "1801"]
[PlyCount "63"]
[EventDate "2016.??.??"]
[WhiteTeam "SC Anderssen"]
[BlackTeam "SK Zirndorf"]

1. e4 c5 2. Nc3 Nc6 3. f4 g6 4. Bb5 Nd4 5. Nf3 a6 6. Bc4 b5 7. Bd5 Rb8 8. d3
Bg7 9. Be3 e6 10. Bb3 Ne7 11. O-O Nec6 12. Rb1 d6 13. Ne2 Nxb3 14. axb3 e5 15.
fxe5 Nxe5 16. Nxe5 Bxe5 17. d4 cxd4 18. Nxd4 Qh4 19. Nf3 Qxe4 20. Bh6 Bg4 21.
Kh1 f6 22. Qd2 Bxf3 23. Rxf3 Rc8 24. Rc1 Rc5 25. Bg7 Rd5 26. Qf2 Rg8 27. Bxf6
Rf8 28. Bxe5 Rxf3 29. gxf3 Qf5 30. Bg3 g5 31. Re1+ Kf7 32. Qe3 1-0

[Event "Mittelfränkischer Schachkongress 2016"]
[Site "Nürnberg"]
[Date "2016.03.26"]
[Round "7.6"]
[White "Pechan, Willi"]
[Black "Babichev, Vyacheslav"]
[Result "0-1"]
[WhiteElo "1737"]
[BlackElo "1818"]
[PlyCount "114"]
[EventDate "2016.??.??"]
[WhiteTeam "SK Schwabach"]
[BlackTeam "SW Nürnberg Süd"]

1. e4 e5 2. Nf3 Nc6 3. d4 exd4 4. Nxd4 Bc5 5. Be3 Qf6 6. Nb5 Bb4+ 7. c3 Ba5 8.
b4 a6 9. a4 Qd8 10. Nd4 Bb6 11. Bc4 Ne5 12. Bb3 d6 13. O-O Bg4 14. f3 Bh5 15.
Nd2 h6 16. Nc4 Ba7 17. Qe2 Nf6 18. Nf5 O-O 19. Bxa7 Rxa7 20. Nxe5 dxe5 21. Rad1
Qe8 22. Qf2 Ra8 23. Rd2 Kh8 24. Rfd1 Qc6 25. Qg3 Bg6 26. Ne7 Qxc3 27. Rd3 Qxb4
28. Qxe5 Qb6+ 29. Kf1 Bh7 30. Qc3 c6 31. g4 Qc7 32. Nf5 Qxh2 33. R3d2 Qf4 34.
Kg2 Bxf5 35. exf5 Rae8 36. Rf2 Kg8 37. Qb2 c5 38. Qc2 Qb4 39. Rb1 Qa5 40. Qc4
Rd8 41. Kg3 Rd4 42. Qc1 Qc7+ 43. Kg2 c4 44. Rc2 b5 45. Ba2 Qc6 46. Kf2 Qc5 47.
Kg2 Qd5 48. Kf2 Rd8 49. Re2 Rd3 50. Qf4 Rd4 51. Qc1 Rd3 52. Qf4 Rd2 53. Rb2
Qc5+ 54. Kg3 Qg1+ 55. Kh4 R2d4 56. Qc7 Rxg4+ 57. Kh3 Qh1+ 0-1

[Event "Mittelfränkischer Schachkongress 2016"]
[Site "Nürnberg"]
[Date "2016.03.26"]
[Round "7.7"]
[White "Süß, Helmut"]
[Black "Llugiq, Bajram"]
[Result "1/2-1/2"]
[WhiteElo "1944"]
[BlackElo "1668"]
[PlyCount "100"]
[EventDate "2016.??.??"]
[WhiteTeam "SC Noris-Tarrasch Nürnberg"]
[BlackTeam "SW Nürnberg Süd"]

1. Nf3 d5 2. d4 Nf6 3. c4 c6 4. Nc3 e6 5. e3 Be7 6. Be2 O-O 7. O-O b6 8. cxd5
cxd5 9. Bd2 Bb7 10. Rc1 a6 11. Ne5 Nbd7 12. Nxd7 Nxd7 13. Bd3 Rc8 14. Qe2 b5
15. Nb1 Qb6 16. h3 Rxc1 17. Rxc1 Rc8 18. Rxc8+ Bxc8 19. a3 Qc6 20. Ba5 Bd6 21.
g3 Nb6 22. Bxb6 Qxb6 23. Qc2 Qb8 24. Kg2 g6 25. b4 Bd7 26. Qc3 Qc7 27. Qxc7
Bxc7 28. Nd2 Kf8 29. Nb3 Bb6 30. f4 Ke7 31. g4 h6 32. Kg3 f5 33. h4 Kf7 34. g5
h5 35. Kf2 Ke7 36. Ke2 Kd6 37. Kd2 Be8 38. Kc3 Bc6 39. Bc2 Kc7 40. Nc5 Bxc5 41.
dxc5 Kd7 42. Kd4 Ke7 43. Bd1 Be8 44. Ke5 Bc6 45. Bf3 Be8 46. Be2 Bc6 47. Kd4
Be8 48. a4 Bc6 49. axb5 axb5 50. Bf3 Kf7 1/2-1/2

[Event "Mittelfränkischer Schachkongress 2016"]
[Site "Nürnberg"]
[Date "2016.03.26"]
[Round "7.8"]
[White "Dreiseitel, Werner"]
[Black "Burger, Thomas"]
[Result "1/2-1/2"]
[WhiteElo "1583"]
[BlackElo "1814"]
[PlyCount "41"]
[EventDate "2016.??.??"]
[WhiteTeam "SGem Fürth"]
[BlackTeam "Wolframs-Eschenbach"]

1. d4 Nf6 2. Bf4 e6 3. e3 d5 4. Bd3 Bd6 5. Bg3 Bxg3 6. hxg3 Qd6 7. c3 e5 8.
dxe5 Qxe5 9. Nf3 Qe7 10. Qc2 g6 11. Nbd2 Nc6 12. O-O-O Be6 13. Nb3 a6 14. Nbd4
Nxd4 15. exd4 O-O-O 16. Rde1 Rde8 17. Re2 Qd6 18. Rhe1 Bd7 19. Ne5 Be6 20. f4
Nd7 21. Nf3 1/2-1/2

[Event "Mittelfränkischer Schachkongress 2016"]
[Site "Nürnberg"]
[Date "2016.03.26"]
[Round "7.9"]
[White "Friedrich, Michael"]
[Black "Müller, Ludwig"]
[Result "1/2-1/2"]
[WhiteElo "1515"]
[BlackElo "1843"]
[PlyCount "120"]
[EventDate "2016.??.??"]
[WhiteTeam "SC Erlangen"]
[BlackTeam "SGem Nürnberg"]

1. Nf3 Nf6 2. c4 e6 3. Nc3 b6 4. g3 Bb7 5. Bg2 Bb4 6. O-O O-O 7. d4 Bxc3 8.
bxc3 d6 9. Qc2 Nbd7 10. Bf4 Re8 11. Rad1 h6 12. Ne1 Bxg2 13. Nxg2 g5 14. Bc1 e5
15. Ne3 Kh8 16. Nf5 Ng8 17. e4 Qf6 18. Kg2 Ne7 19. Ne3 h5 20. Rh1 Rg8 21. h3
Nf8 22. Qe2 Qg6 23. Qf3 f6 24. Ba3 Nd7 25. c5 bxc5 26. dxc5 Nxc5 27. Bxc5 dxc5
28. Rd7 Rg7 29. Rxc7 Nc8 30. Rxc5 Nd6 31. Nf5 Nxf5 32. exf5 Qe8 33. Qc6 Qxc6+
34. Rxc6 Rf7 35. Rd1 Kg7 36. c4 Rb8 37. Rd2 Rb4 38. Rc8 Rf8 39. Rxf8 Kxf8 40.
Rc2 Ke7 41. Kf3 Kd6 42. Ke4 Kc5 43. f4 exf4 44. gxf4 gxf4 45. Kxf4 Rxc4+ 46.
Rxc4+ Kxc4 47. Kg3 Kd4 48. Kh4 Ke5 49. Kxh5 Kxf5 50. h4 Ke4 51. Kg6 f5 52. h5
f4 53. h6 f3 54. h7 f2 55. h8=Q f1=Q 56. Qa8+ Ke5 57. Qb8+ Ke6 58. Qc8+ Kd5 59.
Qd7+ Ke5 60. Qe7+ Kd5 1/2-1/2

[Event "Mittelfränkischer Schachkongress 2016"]
[Site "Nürnberg"]
[Date "2016.03.26"]
[Round "7.10"]
[White "Chowdhury, Sandip"]
[Black "Meyer, Robert"]
[Result "1/2-1/2"]
[WhiteElo "1593"]
[BlackElo "1611"]
[PlyCount "99"]
[EventDate "2016.??.??"]
[WhiteTeam "SC Noris-Tarrasch Nürnberg"]
[BlackTeam "SC Stein"]

1. e4 e6 2. d3 d5 3. Nd2 dxe4 4. dxe4 Nf6 5. Ngf3 Be7 6. g3 Nc6 7. e5 Nd5 8. c4
Ndb4 9. a3 Nd3+ 10. Bxd3 Qxd3 11. Qe2 Qxe2+ 12. Kxe2 a5 13. b3 b6 14. Bb2 Bb7
15. Rhd1 O-O 16. Nf1 Rad8 17. Rxd8 Rxd8 18. Ne3 h6 19. Rd1 Rxd1 20. Nxd1 Bc5
21. Nc3 Na7 22. Nd2 Bd4 23. f4 Kf8 24. Nf3 Bxf3+ 25. Kxf3 b5 26. Ke4 Bg1 27. h3
bxc4 28. bxc4 Nc6 29. a4 g6 30. Nb5 Bb6 31. g4 Ke8 32. f5 Ne7 33. fxg6 fxg6 34.
Bc1 g5 35. Ba3 c5 36. Bc1 Nc8 37. Nd6+ Nxd6+ 38. exd6 Kd7 39. Ke5 Bd8 40. Be3
Bb6 41. Bf2 Ba7 42. Bg3 Bb8 43. Kf6 Bxd6 44. Be1 Bc7 45. Kg6 e5 46. Kxh6 Bd8
47. Bf2 Be7 48. Kg6 Ke6 49. Be1 Bd8 50. Bf2 1/2-1/2

[Event "Mittelfränkischer Schachkongress 2016"]
[Site "Nürnberg"]
[Date "2016.03.26"]
[Round "7.11"]
[White "Grasser, Stefan"]
[Black "Hauck, Martin"]
[Result "1-0"]
[WhiteElo "1767"]
[BlackElo "1087"]
[PlyCount "73"]
[EventDate "2016.??.??"]
[WhiteTeam "Zabo-Eintracht Nürnberg"]
[BlackTeam "SC Noris-Tarrasch Nürnberg"]

1. c4 e6 2. Nc3 Nf6 3. g3 Be7 4. Bg2 c6 5. e4 e5 6. Nf3 d6 7. O-O Bg4 8. h3 Be6
9. d3 O-O 10. Qb3 b6 11. d4 h6 12. Rd1 exd4 13. Nxd4 Bc8 14. e5 Nh7 15. Nxc6
Nxc6 16. Bxc6 Bxh3 17. Bxa8 Qxa8 18. Nd5 Bg5 19. exd6 Rd8 20. Qf3 Kf8 21. g4
Bxg4 22. Qxg4 Rxd6 23. Bxg5 Nxg5 24. Rd3 Rg6 25. Kf1 Qb8 26. Rg3 Ne6 27. Qh4
Ng5 28. Re1 Qd6 29. Qf4 Qd8 30. Re7 Kg8 31. Rxg5 Rxg5 32. Qxf7+ Kh8 33. Re8+
Qxe8 34. Qxe8+ Kh7 35. Qf7 Rg6 36. Ne7 h5 37. Qxg6+ 1-0

[Event "Mittelfränkischer Schachkongress 2016"]
[Site "Nürnberg"]
[Date "2016.03.26"]
[Round "7.12"]
[White "Homfeldt, Claudia Laura"]
[Black "Münzenberg, Dietrich"]
[Result "0-1"]
[WhiteElo "1549"]
[BlackElo "1692"]
[PlyCount "76"]
[EventDate "2016.??.??"]
[WhiteTeam "SC Noris-Tarrasch Nürnberg"]
[BlackTeam "Zabo-Eintracht Nürnberg"]

1. e4 c6 2. Nc3 d5 3. d4 dxe4 4. Nxe4 Nd7 5. Nf3 Ngf6 6. Nc3 e6 7. Be2 Bb4 8.
Bd2 O-O 9. O-O b5 10. a3 Bd6 11. Bg5 Bb7 12. Ne4 Be7 13. Bd3 Re8 14. Be3 Rc8
15. b4 Qc7 16. Nfg5 h6 17. Nxf6+ Nxf6 18. Nf3 Rcd8 19. Ne5 Bf8 20. Ng4 Nd5 21.
Ne5 f6 22. Ng6 Bd6 23. Bd2 Bxh2+ 24. Kh1 Bd6 25. f4 f5 26. Ne5 Nf6 27. c4 a6
28. c5 Bf8 29. Qb3 Rxd4 30. Bxf5 Rxd2 31. Bxe6+ Kh8 32. Nf7+ Kh7 33. Qb1+ g6
34. f5 Qg3 35. fxg6+ Kg7 36. Bh3 Ree2 37. Rg1 Qxh3+ 38. gxh3 Rh2# 0-1

[Event "Mittelfränkischer Schachkongress 2016"]
[Site "Nürnberg"]
[Date "2016.03.26"]
[Round "7.13"]
[White "Dreiseitel, Ursula"]
[Black "Nam, Siwon"]
[Result "1-0"]
[WhiteElo "1487"]
[BlackElo "964"]
[PlyCount "120"]
[EventDate "2016.??.??"]
[WhiteTeam "SGem Fürth"]
[BlackTeam "SC Noris-Tarrasch Nürnberg"]

1. d4 d5 2. Nf3 Nf6 3. e3 e6 4. c4 Bd6 5. Nc3 Nbd7 6. Bd2 O-O 7. Bd3 b6 8. O-O
Bb7 9. a3 a5 10. Nb5 Qe7 11. Nxd6 Qxd6 12. Bc3 Ng4 13. h3 Ngf6 14. Ne5 c5 15.
Nxd7 Nxd7 16. Qh5 Nf6 17. Qd1 dxc4 18. Bxc4 Qc6 19. f3 Rad8 20. Qe2 Nh5 21. Be1
Qc8 22. dxc5 Qxc5 23. Bf2 Qc7 24. e4 Nf4 25. Qe3 Qxc4 26. Qxf4 b5 27. Bb6 Ra8
28. Rac1 Qb3 29. Bd4 f6 30. Qc7 Bc8 31. Qe7 e5 32. Rc7 Qf7 33. Qc5 Qe8 34. Be3
Rf7 35. Rxf7 Kxf7 36. Rc1 Qd7 37. Qd5+ Qxd5 38. exd5 Rb8 39. Rc7+ Kg6 40. d6
Be6 41. Re7 Bf7 42. d7 Rd8 43. Bb6 Rxd7 44. Rxd7 a4 45. Be3 h5 46. Rb7 Be6 47.
Rxb5 Kf5 48. Rb7 g6 49. Kf2 h4 50. Ke2 Bc4+ 51. Kd2 g5 52. Kc3 Bb3 53. Rxb3
axb3 54. Kxb3 e4 55. fxe4+ Kxe4 56. Bc5 f5 57. Kc4 g4 58. a4 g3 59. a5 f4 60.
a6 f3 1-0

[Event "Mittelfränkischer Schachkongress 2016"]
[Site "Nürnberg"]
[Date "2016.03.26"]
[Round "7.14"]
[White "Homfeldt, Maren"]
[Black "Meyer, Martin"]
[Result "1-0"]
[WhiteElo "1306"]
[BlackElo "799"]
[PlyCount "53"]
[EventDate "2016.??.??"]
[WhiteTeam "SC Noris-Tarrasch Nürnberg"]
[BlackTeam "SC Stein"]

1. g3 d5 2. Bg2 Nf6 3. h3 b6 4. d3 Bb7 5. e3 e6 6. Ne2 Nbd7 7. O-O Be7 8. Kh2
O-O 9. Nd2 Rb8 10. b3 a5 11. a3 Nh5 12. Bb2 Nhf6 13. e4 Nc5 14. e5 Nfd7 15. d4
Ne4 16. Nxe4 dxe4 17. Bc1 c5 18. Bf4 cxd4 19. Qxd4 Bc5 20. Qd1 Qc7 21. Nc3 Nxe5
22. Nxe4 Ba6 23. Re1 Rbd8 24. Qh5 g6 25. Bxe5 Qd7 26. Nf6+ Kg7 27. Qxh7# 1-0